[Event "ODJM A 2024"]
[Site "Willingen GER"]
[Date "2024.05.21"]
[Round "4"]
[White "Weigand, Anton"]
[Black "Hoffmann, Alexander"]
[Result "1-0"]
[Termination "normal"]
[Board "14"]
[WhiteElo "2091"]
[BlackElo "1901"]
[WhiteClock "00:03:11"]
[BlackClock "00:01:47"]
[PlyCount "61"]
[WhiteFideId "16221915"]
[BlackFideId "16240219"]
[EventCountry "GER"]
[EventRounds "9"]
[EventType "swiss"]
[EventDate "2024.05.18"]

1. e4 {[%clk 01:30:51]} {[%emt 00:00:07]} c5 {[%clk 01:30:52]} {[%emt
00:00:09]} 2. c3 {[%clk 01:31:18]} {[%emt 00:00:04]} Nf6 {[%clk 01:31:14]}
{[%emt 00:00:08]} 3. e5 {[%clk 01:31:44]} {[%emt 00:00:03]} Nd5 {[%clk
01:31:36]} {[%emt 00:00:08]} 4. Bc4 {[%clk 01:32:05]} {[%emt 00:00:07]} Nb6
{[%clk 01:32:02]} {[%emt 00:00:06]} 5. Bb3 {[%clk 01:32:31]} {[%emt 00:00:03]}
d5 {[%clk 01:32:24]} {[%emt 00:00:09]} 6. exd6 {[%clk 01:32:46]} {[%emt
00:00:16]} Qxd6 {[%clk 01:32:47]} {[%emt 00:00:06]} 7. Na3 {[%clk 01:33:10]}
{[%emt 00:00:06]} a6 {[%clk 01:32:52]} {[%emt 00:00:26]} 8. Ne2 {[%clk
01:31:43]} {[%emt 00:01:56]} Nc6 {[%clk 01:32:04]} {[%emt 00:01:18]} 9. O-O
{[%clk 01:29:31]} {[%emt 00:02:41]} Bg4 {[%clk 01:30:11]} {[%emt 00:02:23]} 10.
Qe1 {[%clk 01:25:43]} {[%emt 00:04:12]} e5 {[%clk 01:14:21]} {[%emt 00:16:27]}
11. d4 {[%clk 01:15:55]} {[%emt 00:10:17]} cxd4 {[%clk 01:04:25]} {[%emt
00:10:27]} 12. Nxd4 {[%clk 01:15:58]} {[%emt 00:00:26]} Be7 {[%clk 00:59:06]}
{[%emt 00:05:49]} 13. Nxc6 {[%clk 01:07:51]} {[%emt 00:08:38]} bxc6 {[%clk
00:59:17]} {[%emt 00:00:19]} 14. f4 {[%clk 00:46:22]} {[%emt 00:21:59]} Be6
{[%clk 00:38:55]} {[%emt 00:20:52]} 15. fxe5 {[%clk 00:41:02]} {[%emt
00:05:50]} Qd7 {[%clk 00:37:49]} {[%emt 00:01:36]} 16. Qg3 {[%clk 00:30:36]}
{[%emt 00:10:55]} O-O-O {[%clk 00:29:11]} {[%emt 00:09:08]} 17. Be3 {[%clk
00:26:33]} {[%emt 00:04:32]} Nd5 {[%clk 00:26:17]} {[%emt 00:03:25]} 18. Rfd1
{[%clk 00:25:24]} {[%emt 00:01:39]} Bxa3 {[%clk 00:25:54]} {[%emt 00:00:54]}
19. bxa3 {[%clk 00:25:17]} {[%emt 00:00:37]} Qe7 {[%clk 00:25:44]} {[%emt
00:00:38]} 20. Bf2 {[%clk 00:21:38]} {[%emt 00:04:10]} g5 {[%clk 00:23:36]}
{[%emt 00:02:37]} 21. Rd4 {[%clk 00:13:09]} {[%emt 00:09:00]} Nf4 {[%clk
00:23:17]} {[%emt 00:00:49]} 22. Qf3 {[%clk 00:13:27]} {[%emt 00:00:12]} Kc7
{[%clk 00:18:15]} {[%emt 00:05:33]} 23. Rad1 {[%clk 00:10:05]} {[%emt
00:03:49]} Rxd4 {[%clk 00:17:14]} {[%emt 00:01:33]} 24. Rxd4 {[%clk 00:10:26]}
{[%emt 00:00:09]} Qxa3 {[%clk 00:17:02]} {[%emt 00:00:43]} 25. g3 {[%clk
00:05:55]} {[%emt 00:05:01]} Nh3+ {[%clk 00:14:24]} {[%emt 00:03:08]} 26. Kg2
{[%clk 00:06:23]} {[%emt 00:00:02]} Nxf2 {[%clk 00:10:18]} {[%emt 00:04:36]}
27. Bxe6 {[%clk 00:06:36]} {[%emt 00:00:14]} Rf8 {[%clk 00:06:00]} {[%emt
00:04:49]} 28. Rd7+ {[%clk 00:06:10]} {[%emt 00:00:56]} Kb6 {[%clk 00:02:03]}
{[%emt 00:04:28]} 29. Qxf2+ {[%clk 00:06:27]} {[%emt 00:00:13]} Ka5 {[%clk
00:02:15]} {[%emt 00:00:20]} 30. Bb3 {[%clk 00:03:55]} {[%emt 00:03:00]} Rb8
{[%clk 00:01:47]} {[%emt 00:00:58]} 31. Rd4 {[%clk 00:03:11]} {[%emt 00:01:13]}
1-0

[Event "ODJM A 2024"]
[Site "Willingen GER"]
[Date "2024.05.21"]
[Round "4"]
[White "Dietlmeier, Tobias"]
[Black "Kamp, Aaron"]
[Result "0-1"]
[Termination "normal"]
[Board "15"]
[WhiteElo "1936"]
[BlackElo "1996"]
[WhiteClock "00:12:39"]
[BlackClock "00:23:23"]
[PlyCount "74"]
[WhiteFideId "16213963"]
[BlackFideId "16231120"]
[EventCountry "GER"]
[EventRounds "9"]
[EventType "swiss"]
[EventDate "2024.05.18"]

1. Nf3 {[%clk 01:30:39]} {[%emt 00:00:20]} Nf6 {[%clk 01:30:51]} {[%emt
00:00:09]} 2. g3 {[%clk 01:30:53]} {[%emt 00:00:17]} d5 {[%clk 01:31:07]}
{[%emt 00:00:13]} 3. Bg2 {[%clk 01:31:02]} {[%emt 00:00:21]} g6 {[%clk
01:31:20]} {[%emt 00:00:17]} 4. d4 {[%clk 01:27:31]} {[%emt 00:04:01]} Bg7
{[%clk 01:31:39]} {[%emt 00:00:10]} 5. c4 {[%clk 01:26:57]} {[%emt 00:01:05]}
c6 {[%clk 01:32:02]} {[%emt 00:00:07]} 6. O-O {[%clk 01:22:00]} {[%emt
00:05:28]} O-O {[%clk 01:31:59]} {[%emt 00:00:32]} 7. Nc3 {[%clk 01:18:41]}
{[%emt 00:03:48]} Ne4 {[%clk 01:31:48]} {[%emt 00:00:42]} 8. Qb3 {[%clk
01:12:30]} {[%emt 00:06:41]} Nxc3 {[%clk 01:30:47]} {[%emt 00:01:31]} 9. bxc3
{[%clk 01:12:35]} {[%emt 00:00:25]} dxc4 {[%clk 01:29:30]} {[%emt 00:01:47]}
10. Qxc4 {[%clk 01:12:50]} {[%emt 00:00:16]} Qd5 {[%clk 01:21:18]} {[%emt
00:08:41]} 11. Qa4 {[%clk 01:04:01]} {[%emt 00:09:19]} Qh5 {[%clk 01:18:27]}
{[%emt 00:03:20]} 12. Ba3 {[%clk 01:02:32]} {[%emt 00:02:01]} Re8 {[%clk
01:11:01]} {[%emt 00:07:55]} 13. e4 {[%clk 00:58:52]} {[%emt 00:04:10]} Nd7
{[%clk 01:07:00]} {[%emt 00:04:31]} 14. Rab1 {[%clk 00:57:57]} {[%emt
00:01:25]} b5 {[%clk 01:05:24]} {[%emt 00:02:06]} 15. Qc2 {[%clk 00:53:20]}
{[%emt 00:05:07]} Nb6 {[%clk 01:04:20]} {[%emt 00:01:34]} 16. Rfe1 {[%clk
00:48:59]} {[%emt 00:04:51]} Nc4 {[%clk 00:54:07]} {[%emt 00:10:42]} 17. Bc5
{[%clk 00:49:02]} {[%emt 00:00:27]} Bh3 {[%clk 00:49:47]} {[%emt 00:04:50]} 18.
Bh1 {[%clk 00:47:54]} {[%emt 00:01:39]} a6 {[%clk 00:46:14]} {[%emt 00:04:03]}
19. Nd2 {[%clk 00:47:03]} {[%emt 00:01:21]} Nxd2 {[%clk 00:46:00]} {[%emt
00:00:44]} 20. Qxd2 {[%clk 00:47:27]} {[%emt 00:00:05]} e5 {[%clk 00:45:17]}
{[%emt 00:01:13]} 21. d5 {[%clk 00:39:58]} {[%emt 00:07:59]} Rad8 {[%clk
00:41:52]} {[%emt 00:03:55]} 22. Qb2 {[%clk 00:38:30]} {[%emt 00:01:59]} cxd5
{[%clk 00:41:03]} {[%emt 00:01:19]} 23. exd5 {[%clk 00:38:49]} {[%emt
00:00:11]} e4 {[%clk 00:36:34]} {[%emt 00:04:58]} 24. Bd4 {[%clk 00:19:22]}
{[%emt 00:19:58]} Bxd4 {[%clk 00:34:12]} {[%emt 00:02:52]} 25. cxd4 {[%clk
00:19:43]} {[%emt 00:00:09]} Qxd5 {[%clk 00:33:53]} {[%emt 00:00:49]} 26. Rbd1
{[%clk 00:17:44]} {[%emt 00:02:29]} Bg4 {[%clk 00:32:56]} {[%emt 00:01:26]} 27.
Rd2 {[%clk 00:15:54]} {[%emt 00:02:20]} Bf3 {[%clk 00:32:14]} {[%emt 00:01:12]}
28. Re3 {[%clk 00:16:05]} {[%emt 00:00:19]} Rc8 {[%clk 00:29:53]} {[%emt
00:02:52]} 29. Bxf3 {[%clk 00:13:49]} {[%emt 00:02:46]} exf3 {[%clk 00:30:09]}
{[%emt 00:00:14]} 30. Rxe8+ {[%clk 00:13:09]} {[%emt 00:01:10]} Rxe8 {[%clk
00:30:30]} {[%emt 00:00:09]} 31. Rd1 {[%clk 00:13:29]} {[%emt 00:00:10]} Re2
{[%clk 00:27:40]} {[%emt 00:03:19]} 32. Qc3 {[%clk 00:13:39]} {[%emt 00:00:21]}
Rxa2 {[%clk 00:26:36]} {[%emt 00:01:34]} 33. Ra1 {[%clk 00:12:17]} {[%emt
00:01:52]} Qc4 {[%clk 00:24:22]} {[%emt 00:02:44]} 34. Qe1 {[%clk 00:12:06]}
{[%emt 00:00:41]} Qe2 {[%clk 00:23:09]} {[%emt 00:01:43]} 35. d5 {[%clk
00:11:55]} {[%emt 00:00:41]} Qxf2+ {[%clk 00:22:39]} {[%emt 00:01:00]} 36. Qxf2
{[%clk 00:12:13]} {[%emt 00:00:12]} Rxa1+ {[%clk 00:23:02]} {[%emt 00:00:07]}
37. Qf1 {[%clk 00:12:39]} {[%emt 00:00:03]} Rxf1+ {[%clk 00:23:23]} {[%emt
00:00:09]} 0-1

[Event "ODJM A 2024"]
[Site "Willingen GER"]
[Date "2024.05.21"]
[Round "4"]
[White "Pfaar, Zeno"]
[Black "Sundui, Chinguun"]
[Result "1-0"]
[Termination "normal"]
[Board "16"]
[WhiteElo "1961"]
[BlackElo "1895"]
[WhiteClock "00:07:27"]
[BlackClock "00:14:52"]
[PlyCount "129"]
[WhiteFideId "34614567"]
[BlackFideId "4907930"]
[EventCountry "GER"]
[EventRounds "9"]
[EventType "swiss"]
[EventDate "2024.05.18"]

1. e4 {[%clk 01:30:49]} {[%emt 00:00:09]} c5 {[%clk 01:30:56]} {[%emt
00:00:05]} 2. Nf3 {[%clk 01:31:09]} {[%emt 00:00:11]} g6 {[%clk 01:31:19]}
{[%emt 00:00:07]} 3. d4 {[%clk 01:30:56]} {[%emt 00:00:42]} cxd4 {[%clk
01:31:38]} {[%emt 00:00:11]} 4. Nxd4 {[%clk 01:31:21]} {[%emt 00:00:05]} Bg7
{[%clk 01:31:53]} {[%emt 00:00:16]} 5. Nc3 {[%clk 01:31:10]} {[%emt 00:00:41]}
Nc6 {[%clk 01:32:06]} {[%emt 00:00:16]} 6. Be3 {[%clk 01:30:08]} {[%emt
00:01:32]} Nf6 {[%clk 01:31:55]} {[%emt 00:00:42]} 7. Be2 {[%clk 01:28:31]}
{[%emt 00:02:06]} O-O {[%clk 01:30:22]} {[%emt 00:02:03]} 8. O-O {[%clk
01:28:48]} {[%emt 00:00:13]} d5 {[%clk 01:26:33]} {[%emt 00:04:19]} 9. exd5
{[%clk 01:25:19]} {[%emt 00:03:59]} Nxd5 {[%clk 01:26:26]} {[%emt 00:00:37]}
10. Nxd5 {[%clk 01:25:03]} {[%emt 00:00:46]} Qxd5 {[%clk 01:26:37]} {[%emt
00:00:19]} 11. Bf3 {[%clk 01:25:00]} {[%emt 00:00:32]} Qd7 {[%clk 01:26:02]}
{[%emt 00:01:06]} 12. Nxc6 {[%clk 01:24:48]} {[%emt 00:00:43]} bxc6 {[%clk
01:26:22]} {[%emt 00:00:10]} 13. Qxd7 {[%clk 01:15:37]} {[%emt 00:09:40]} Bxd7
{[%clk 01:26:45]} {[%emt 00:00:08]} 14. Rad1 {[%clk 01:15:57]} {[%emt
00:00:09]} Bf5 {[%clk 01:17:46]} {[%emt 00:09:29]} 15. c3 {[%clk 01:15:55]}
{[%emt 00:00:32]} Rfc8 {[%clk 01:16:26]} {[%emt 00:01:50]} 16. Rd2 {[%clk
01:12:03]} {[%emt 00:04:21]} h5 {[%clk 00:54:55]} {[%emt 00:22:02]} 17. Rfd1
{[%clk 01:08:35]} {[%emt 00:03:58]} Be6 {[%clk 00:50:31]} {[%emt 00:04:54]} 18.
Bc5 {[%clk 01:05:16]} {[%emt 00:03:48]} Bf6 {[%clk 00:49:01]} {[%emt 00:02:01]}
19. a3 {[%clk 00:36:55]} {[%emt 00:28:51]} Bd5 {[%clk 00:40:59]} {[%emt
00:08:32]} 20. Bxd5 {[%clk 00:35:31]} {[%emt 00:01:53]} cxd5 {[%clk 00:41:20]}
{[%emt 00:00:09]} 21. Bd4 {[%clk 00:28:46]} {[%emt 00:07:15]} Bg5 {[%clk
00:37:15]} {[%emt 00:04:36]} 22. Re2 {[%clk 00:27:28]} {[%emt 00:01:47]} e6
{[%clk 00:37:00]} {[%emt 00:00:46]} 23. g3 {[%clk 00:26:04]} {[%emt 00:01:53]}
Rc4 {[%clk 00:32:34]} {[%emt 00:04:57]} 24. f4 {[%clk 00:24:26]} {[%emt
00:02:07]} Be7 {[%clk 00:31:12]} {[%emt 00:01:54]} 25. b3 {[%clk 00:21:46]}
{[%emt 00:03:09]} Rc6 {[%clk 00:30:00]} {[%emt 00:01:42]} 26. b4 {[%clk
00:21:39]} {[%emt 00:00:37]} Ra6 {[%clk 00:25:44]} {[%emt 00:04:46]} 27. Ra2
{[%clk 00:18:34]} {[%emt 00:03:35]} Ra4 {[%clk 00:25:27]} {[%emt 00:00:47]} 28.
Rb1 {[%clk 00:18:55]} {[%emt 00:00:08]} Rb8 {[%clk 00:17:47]} {[%emt 00:08:11]}
29. Kf2 {[%clk 00:16:03]} {[%emt 00:03:21]} Kf8 {[%clk 00:16:33]} {[%emt
00:01:45]} 30. Ke2 {[%clk 00:15:52]} {[%emt 00:00:40]} Ke8 {[%clk 00:15:19]}
{[%emt 00:01:45]} 31. Kd3 {[%clk 00:14:57]} {[%emt 00:01:25]} Rc8 {[%clk
00:15:20]} {[%emt 00:00:29]} 32. Kc2 {[%clk 00:14:04]} {[%emt 00:01:22]} Kd7
{[%clk 00:07:21]} {[%emt 00:08:30]} 33. Kb3 {[%clk 00:14:16]} {[%emt 00:00:17]}
Ra6 {[%clk 00:07:31]} {[%emt 00:00:21]} 34. a4 {[%clk 00:14:09]} {[%emt
00:00:37]} Rc4 {[%clk 00:06:37]} {[%emt 00:01:25]} 35. Kc2 {[%clk 00:13:40]}
{[%emt 00:00:57]} Rac6 {[%clk 00:05:50]} {[%emt 00:01:17]} 36. Kd3 {[%clk
00:13:24]} {[%emt 00:00:47]} Rc7 {[%clk 00:05:35]} {[%emt 00:00:45]} 37. a5
{[%clk 00:10:31]} {[%emt 00:03:23]} a6 {[%clk 00:01:57]} {[%emt 00:04:09]} 38.
b5 {[%clk 00:09:43]} {[%emt 00:01:17]} Rb7 {[%clk 00:01:30]} {[%emt 00:00:57]}
39. Bb6 {[%clk 00:08:24]} {[%emt 00:01:48]} axb5 {[%clk 00:00:50]} {[%emt
00:01:12]} 40. Rxb5 {[%clk 00:07:29]} {[%emt 00:01:24]} Bd8 {[%emt 00:00:40]}
41. a6 {[%clk 00:02:25]} {[%emt 00:05:32]} Rxb6 {[%clk 00:27:04]} {[%emt
00:04:08]} 42. a7 {[%clk 00:32:46]} {[%emt 00:00:09]} Rxb5 {[%clk 00:27:13]}
{[%emt 00:00:21]} 43. a8=Q {[%clk 00:33:00]} {[%emt 00:00:16]} Rbc5 {[%clk
00:26:48]} {[%emt 00:00:55]} 44. Qb7+ {[%clk 00:30:57]} {[%emt 00:02:31]} Rc7
{[%clk 00:26:32]} {[%emt 00:00:47]} 45. Qb5+ {[%clk 00:30:42]} {[%emt
00:00:45]} Ke7 {[%clk 00:26:37]} {[%emt 00:00:26]} 46. Ra3 {[%clk 00:29:47]}
{[%emt 00:01:25]} R4c5 {[%clk 00:25:23]} {[%emt 00:01:44]} 47. Qb1 {[%clk
00:29:19]} {[%emt 00:00:56]} Kd7 {[%clk 00:25:00]} {[%emt 00:00:55]} 48. Ke2
{[%clk 00:25:50]} {[%emt 00:03:58]} Bf6 {[%clk 00:23:27]} {[%emt 00:02:03]} 49.
Qb8 {[%clk 00:25:55]} {[%emt 00:00:25]} Rc8 {[%clk 00:20:34]} {[%emt 00:03:24]}
50. Ra7+ {[%clk 00:25:58]} {[%emt 00:00:27]} R5c7 {[%clk 00:20:31]} {[%emt
00:00:34]} 51. Qb5+ {[%clk 00:26:02]} {[%emt 00:00:25]} Kd8 {[%clk 00:19:02]}
{[%emt 00:01:58]} 52. Qb6 {[%clk 00:23:51]} {[%emt 00:02:40]} Kd7 {[%clk
00:18:34]} {[%emt 00:01:00]} 53. Qb5+ {[%clk 00:15:40]} {[%emt 00:08:40]} Ke7
{[%clk 00:16:27]} {[%emt 00:02:37]} 54. Rxc7+ {[%clk 00:14:44]} {[%emt
00:01:27]} Rxc7 {[%clk 00:16:45]} {[%emt 00:00:12]} 55. Qb4+ {[%clk 00:14:58]}
{[%emt 00:00:15]} Ke8 {[%clk 00:16:23]} {[%emt 00:00:52]} 56. Qb8+ {[%clk
00:14:49]} {[%emt 00:00:39]} Kd7 {[%clk 00:15:19]} {[%emt 00:01:35]} 57. Qf8
{[%clk 00:15:07]} {[%emt 00:00:10]} Kc6 {[%clk 00:15:35]} {[%emt 00:00:16]} 58.
Qe8+ {[%clk 00:09:40]} {[%emt 00:05:57]} Kb7 {[%clk 00:15:12]} {[%emt
00:00:53]} 59. Qb5+ {[%clk 00:08:14]} {[%emt 00:01:56]} Kc8 {[%clk 00:15:14]}
{[%emt 00:00:28]} 60. f5 {[%clk 00:07:35]} {[%emt 00:01:09]} exf5 {[%clk
00:15:05]} {[%emt 00:00:39]} 61. Qa6+ {[%clk 00:07:41]} {[%emt 00:00:23]} Kd7
{[%clk 00:15:02]} {[%emt 00:00:34]} 62. Qxf6 {[%clk 00:08:04]} {[%emt
00:00:07]} Ke8 {[%clk 00:14:45]} {[%emt 00:00:47]} 63. Kd3 {[%clk 00:08:25]}
{[%emt 00:00:08]} Rd7 {[%clk 00:14:42]} {[%emt 00:00:35]} 64. Kd4 {[%clk
00:08:35]} {[%emt 00:00:17]} Kf8 {[%clk 00:14:52]} {[%emt 00:00:22]} 65. Kc5
{[%clk 00:07:27]} {[%emt 00:01:37]} 1-0

[Event "ODJM A 2024"]
[Site "Willingen GER"]
[Date "2024.05.21"]
[Round "4"]
[White "Nguyen, Phuc Nhat"]
[Black "Stegert, Jonas"]
[Result "1-0"]
[Termination "normal"]
[Board "17"]
[WhiteElo "1893"]
[BlackElo "1927"]
[WhiteClock "00:13:02"]
[BlackClock "00:27:41"]
[PlyCount "87"]
[WhiteFideId "16253590"]
[BlackFideId "16247965"]
[EventCountry "GER"]
[EventRounds "9"]
[EventType "swiss"]
[EventDate "2024.05.18"]

1. e4 {[%clk 01:30:58]} {[%emt 00:00:01]} c6 {[%clk 01:30:58]} {[%emt
00:00:03]} 2. d4 {[%clk 01:31:21]} {[%emt 00:00:07]} d5 {[%clk 01:31:25]}
{[%emt 00:00:03]} 3. exd5 {[%clk 01:31:48]} {[%emt 00:00:04]} cxd5 {[%clk
01:31:51]} {[%emt 00:00:04]} 4. Bd3 {[%clk 01:32:13]} {[%emt 00:00:04]} Nc6
{[%clk 01:32:16]} {[%emt 00:00:04]} 5. c3 {[%clk 01:32:40]} {[%emt 00:00:03]}
Nf6 {[%clk 01:32:42]} {[%emt 00:00:04]} 6. Bf4 {[%clk 01:33:08]} {[%emt
00:00:03]} Bg4 {[%clk 01:33:04]} {[%emt 00:00:08]} 7. Qb3 {[%clk 01:33:35]}
{[%emt 00:00:03]} Qd7 {[%clk 01:33:28]} {[%emt 00:00:06]} 8. Nd2 {[%clk
01:34:02]} {[%emt 00:00:03]} e6 {[%clk 01:33:49]} {[%emt 00:00:09]} 9. Ngf3
{[%clk 01:34:29]} {[%emt 00:00:02]} Bd6 {[%clk 01:34:13]} {[%emt 00:00:07]} 10.
Bxd6 {[%clk 01:34:56]} {[%emt 00:00:04]} Qxd6 {[%clk 01:34:37]} {[%emt
00:00:05]} 11. O-O {[%clk 01:35:22]} {[%emt 00:00:03]} O-O {[%clk 01:35:01]}
{[%emt 00:00:07]} 12. Rae1 {[%clk 01:35:46]} {[%emt 00:00:07]} Ne7 {[%clk
01:35:04]} {[%emt 00:00:25]} 13. Ne5 {[%clk 01:36:07]} {[%emt 00:00:10]} Bf5
{[%clk 01:35:28]} {[%emt 00:00:05]} 14. Bxf5 {[%clk 01:36:34]} {[%emt
00:00:04]} Nxf5 {[%clk 01:35:52]} {[%emt 00:00:05]} 15. g4 {[%clk 01:37:03]}
{[%emt 00:00:02]} Nh4 {[%clk 01:31:03]} {[%emt 00:05:18]} 16. f4 {[%clk
01:34:02]} {[%emt 00:03:32]} Rfb8 {[%clk 01:24:41]} {[%emt 00:06:53]} 17. Qd1
{[%clk 01:32:44]} {[%emt 00:01:47]} b5 {[%clk 01:23:52]} {[%emt 00:01:19]} 18.
Re3 {[%clk 01:09:38]} {[%emt 00:23:36]} b4 {[%clk 01:15:56]} {[%emt 00:08:26]}
19. Qe1 {[%clk 00:52:17]} {[%emt 00:17:51]} Ng6 {[%clk 01:15:52]} {[%emt
00:00:34]} 20. f5 {[%clk 00:52:01]} {[%emt 00:00:46]} exf5 {[%clk 01:14:12]}
{[%emt 00:02:10]} 21. Rxf5 {[%clk 00:51:56]} {[%emt 00:00:35]} bxc3 {[%clk
01:01:32]} {[%emt 00:13:10]} 22. bxc3 {[%clk 00:51:48]} {[%emt 00:00:38]} Qa6
{[%clk 00:52:00]} {[%emt 00:10:02]} 23. g5 {[%clk 00:45:00]} {[%emt 00:07:17]}
Nxe5 {[%clk 00:50:20]} {[%emt 00:02:10]} 24. Rfxe5 {[%clk 00:36:35]} {[%emt
00:08:55]} Ne4 {[%clk 00:47:45]} {[%emt 00:03:06]} 25. Nxe4 {[%clk 00:33:51]}
{[%emt 00:03:13]} dxe4 {[%clk 00:48:09]} {[%emt 00:00:06]} 26. R3xe4 {[%clk
00:33:41]} {[%emt 00:00:41]} g6 {[%clk 00:45:33]} {[%emt 00:03:05]} 27. Re8+
{[%clk 00:28:18]} {[%emt 00:05:53]} Rxe8 {[%clk 00:36:29]} {[%emt 00:09:34]}
28. Rxe8+ {[%clk 00:28:38]} {[%emt 00:00:10]} Rxe8 {[%clk 00:36:55]} {[%emt
00:00:04]} 29. Qxe8+ {[%clk 00:29:00]} {[%emt 00:00:08]} Kg7 {[%clk 00:37:21]}
{[%emt 00:00:05]} 30. Qe5+ {[%clk 00:27:57]} {[%emt 00:01:32]} Kg8 {[%clk
00:37:39]} {[%emt 00:00:12]} 31. d5 {[%clk 00:27:26]} {[%emt 00:01:02]} Qxa2
{[%clk 00:37:52]} {[%emt 00:00:16]} 32. d6 {[%clk 00:27:37]} {[%emt 00:00:19]}
Qb1+ {[%clk 00:38:09]} {[%emt 00:00:13]} 33. Kf2 {[%clk 00:27:49]} {[%emt
00:00:08]} Qc2+ {[%clk 00:35:22]} {[%emt 00:03:27]} 34. Ke3 {[%clk 00:26:59]}
{[%emt 00:01:19]} Qc1+ {[%clk 00:35:44]} {[%emt 00:00:09]} 35. Kd4 {[%clk
00:27:12]} {[%emt 00:00:11]} Qd2+ {[%clk 00:35:08]} {[%emt 00:01:12]} 36. Kc5
{[%clk 00:24:24]} {[%emt 00:03:17]} Qf2+ {[%clk 00:35:25]} {[%emt 00:00:14]}
37. Kc6 {[%clk 00:18:39]} {[%emt 00:06:15]} Qb6+ {[%clk 00:32:57]} {[%emt
00:02:58]} 38. Kd7 {[%clk 00:18:49]} {[%emt 00:00:18]} a5 {[%clk 00:31:03]}
{[%emt 00:02:27]} 39. Ke7 {[%clk 00:13:27]} {[%emt 00:05:51]} Qb8 {[%clk
00:28:54]} {[%emt 00:02:40]} 40. Qxa5 {[%clk 00:13:14]} {[%emt 00:00:42]} Qb7+
{[%clk 00:28:56]} {[%emt 00:00:10]} 41. d7 {[%clk 00:12:26]} {[%emt 00:01:37]}
Qe4+ {[%clk 00:28:21]} {[%emt 00:01:04]} 42. Kd6 {[%clk 00:12:35]} {[%emt
00:00:20]} Qe6+ {[%clk 00:27:28]} {[%emt 00:01:24]} 43. Kc7 {[%clk 00:12:51]}
{[%emt 00:00:13]} Qe5+ {[%clk 00:27:41]} {[%emt 00:00:18]} 44. Qxe5 {[%clk
00:13:02]} {[%emt 00:00:20]} 1-0

[Event "ODJM A 2024"]
[Site "Willingen GER"]
[Date "2024.05.21"]
[Round "4"]
[White "Beyer, Lorenz"]
[Black "Limberg, Thomas"]
[Result "1-0"]
[Termination "normal"]
[Board "18"]
[WhiteElo "1956"]
[BlackElo "1783"]
[WhiteClock "00:27:39"]
[BlackClock "00:05:14"]
[PlyCount "67"]
[WhiteFideId "16245393"]
[BlackFideId "16226755"]
[EventCountry "GER"]
[EventRounds "9"]
[EventType "swiss"]
[EventDate "2024.05.18"]

1. d4 {[%clk 01:30:58]} {[%emt 00:00:02]} Nf6 {[%clk 01:30:39]} {[%emt
00:00:21]} 2. Bf4 {[%clk 01:31:23]} {[%emt 00:00:04]} e6 {[%clk 01:30:33]}
{[%emt 00:00:37]} 3. Nf3 {[%clk 01:31:47]} {[%emt 00:00:05]} c5 {[%clk
01:30:48]} {[%emt 00:00:15]} 4. e3 {[%clk 01:32:12]} {[%emt 00:00:06]} Nc6
{[%clk 01:29:55]} {[%emt 00:01:23]} 5. c3 {[%clk 01:32:35]} {[%emt 00:00:08]}
b6 {[%clk 01:29:18]} {[%emt 00:01:06]} 6. h3 {[%clk 01:28:40]} {[%emt
00:04:25]} d6 {[%clk 01:26:33]} {[%emt 00:03:15]} 7. Be2 {[%clk 01:28:39]}
{[%emt 00:00:31]} Be7 {[%clk 01:26:53]} {[%emt 00:00:10]} 8. O-O {[%clk
01:29:03]} {[%emt 00:00:06]} O-O {[%clk 01:27:02]} {[%emt 00:00:20]} 9. a4
{[%clk 01:29:25]} {[%emt 00:00:09]} Bb7 {[%clk 01:24:55]} {[%emt 00:02:37]} 10.
Nbd2 {[%clk 01:25:40]} {[%emt 00:04:15]} Nd5 {[%clk 01:17:59]} {[%emt
00:07:26]} 11. Bh2 {[%clk 01:25:42]} {[%emt 00:00:28]} f5 {[%clk 01:18:15]}
{[%emt 00:00:14]} 12. Bc4 {[%clk 01:21:42]} {[%emt 00:04:29]} Qd7 {[%clk
01:15:45]} {[%emt 00:03:00]} 13. Nb3 {[%clk 01:17:24]} {[%emt 00:04:48]} Rf6
{[%clk 01:01:35]} {[%emt 00:14:42]} 14. a5 {[%clk 01:13:02]} {[%emt 00:04:51]}
Raf8 {[%clk 00:57:14]} {[%emt 00:04:51]} 15. axb6 {[%clk 01:10:07]} {[%emt
00:03:26]} Nxb6 {[%clk 00:57:15]} {[%emt 00:00:28]} 16. Bb5 {[%clk 01:09:43]}
{[%emt 00:00:54]} a6 {[%clk 00:53:24]} {[%emt 00:04:21]} 17. Bxa6 {[%clk
00:56:03]} {[%emt 00:14:10]} Bxa6 {[%clk 00:53:40]} {[%emt 00:00:14]} 18. Rxa6
{[%clk 00:56:32]} {[%emt 00:00:01]} Qb7 {[%clk 00:53:52]} {[%emt 00:00:18]} 19.
Ra2 {[%clk 00:56:01]} {[%emt 00:01:02]} Rg6 {[%clk 00:51:05]} {[%emt 00:03:16]}
20. Nbd2 {[%clk 00:50:07]} {[%emt 00:06:25]} cxd4 {[%clk 00:45:57]} {[%emt
00:05:37]} 21. exd4 {[%clk 00:49:22]} {[%emt 00:01:15]} Kh8 {[%clk 00:38:55]}
{[%emt 00:07:32]} 22. Qb3 {[%clk 00:37:39]} {[%emt 00:12:13]} d5 {[%clk
00:24:55]} {[%emt 00:14:30]} 23. Ne5 {[%clk 00:36:41]} {[%emt 00:01:27]} Nxe5
{[%clk 00:19:38]} {[%emt 00:05:48]} 24. Bxe5 {[%clk 00:36:49]} {[%emt
00:00:22]} Bf6 {[%clk 00:16:59]} {[%emt 00:03:10]} 25. Nf3 {[%clk 00:27:30]}
{[%emt 00:09:48]} Bxe5 {[%clk 00:09:45]} {[%emt 00:07:43]} 26. Nxe5 {[%clk
00:27:48]} {[%emt 00:00:12]} Rgf6 {[%clk 00:10:07]} {[%emt 00:00:09]} 27. Rfa1
{[%clk 00:27:45]} {[%emt 00:00:32]} Qc7 {[%clk 00:09:48]} {[%emt 00:00:49]} 28.
Ra7 {[%clk 00:27:30]} {[%emt 00:00:45]} Qb8 {[%clk 00:05:23]} {[%emt 00:04:56]}
29. Nc6 {[%clk 00:27:26]} {[%emt 00:00:33]} Qd6 {[%clk 00:05:46]} {[%emt
00:00:07]} 30. Qxb6 {[%clk 00:27:45]} {[%emt 00:00:11]} e5 {[%clk 00:05:45]}
{[%emt 00:00:32]} 31. Qb7 {[%clk 00:26:55]} {[%emt 00:01:19]} R6f7 {[%clk
00:05:28]} {[%emt 00:00:47]} 32. Qxf7 {[%clk 00:26:58]} {[%emt 00:00:28]} Rxf7
{[%clk 00:05:08]} {[%emt 00:00:50]} 33. Rxf7 {[%clk 00:27:15]} {[%emt
00:00:12]} Kg8 {[%clk 00:05:14]} {[%emt 00:00:24]} 34. Nxe5 {[%clk 00:27:39]}
{[%emt 00:00:07]} 1-0